000
00232nam a2200097Ia 4500
005
20251222175818.0
008
251222s9999||||xx |||||||||||||| ||spa||
082
_a
DVD0080/R34/1965
245
0
_a
La agonía y el éxtasis.
942
_c
DVD
999
_c
40397
_d
40397